UBT Library

Die 48 Gesetze der Macht / (Record no. 88)

000 -LEADER
fixed length control field 00764nam a2200241 a 4500
005 - DATE AND TIME OF LATEST TRANSACTION
control field 20131010055703.0
008 - FIXED-LENGTH DATA ELEMENTS--GENERAL INFORMATION
fixed length control field 980812s1998 nyu b 001 0 ger
041 0# - LANGUAGE CODE
Language code of text/sound track or separate title ger
080 ## - UNIVERSAL DECIMAL CLASSIFICATION NUMBER
Universal Decimal Classification number 159.9
100 1# - Rafti
Rafti Greene, Robert
245 14 - TITLE STATEMENT
Title Die 48 Gesetze der Macht /
Statement of responsibility, etc Robert Greene, Aus dem Englischen von Hartmut Schickert und Birgit Brandau
246 ## - VARYING FORM OF TITLE
Title proper/short title Power
250 ## -
-- 2. Auflage
260 ## -
-- Munchen :
-- Deutscher Taschenbuch Verlag ;
-- 2002
300 ## -
-- 535 f. ;
-- 24 cm.
500 ## -
-- Vorwort f. : [XVII] - [XXIV]
500 ## -
-- "A Joost Elffers production."
504 ## - BIBLIOGRAPHY, ETC. NOTE
Bibliography, etc Includes bibliographical references (p. 431-432) and index.
650 #0 -
-- Fuqia (Filozofia)
650 #0 -
-- Kontrolli (Psikologjia)
700 1# -
-- Elffers, Joost
942 ## - ADDED ENTRY ELEMENTS (KOHA)
Source of classification or shelving scheme
Item type Books
Holdings
Withdrawn status Lost status Source of classification or shelving scheme Damaged status Not for loan Collection code Permanent location Current location Shelving location Date acquired Total Checkouts Full call number Barcode Date last seen Price effective from Koha item type
          Koleksioni i përgjithshem UBT - Prishtine UBT - Prishtine Koleksioni i përgjithshem 10/10/2013   159.9 GRE 001-000085 10/10/2013 10/10/2013 Books
UBT Library © 2015-2024. All rights reserved University Education for Business and Technology